A peste / (Record no. 99)

MARC details
000 -LÍDER
campo de controle de tamanho fixo 01333nam a2200361 4500
001 - NÚMERO DE CONTROLE
campo de controle 99
003 - IDENTIFICADOR DO NÚMERO DE CONTROLE
campo de controle OSt
005 - DATA E HORÁRIO DA ÚLTIMA TRANSAÇÃO
campo de controle 20250528074011.0
008 - CAMPO DE DADOS FIXOS--INFORMAÇÃO GERAL
campo de controle de tamanho fixo 250124b |||||||e |||| 00| 1 eng d
040 ## - FONTE DA CATALOGAÇÃO
Idioma da catalogação por
041 ## - CÓDIGO DE IDIOMA
Código do idioma do original e/ou traduções intermediárias do texto fre
Código do idioma do texto/trilha sonora ou título diferente por
082 ## - CDD - CLASSIFICAÇÃO DECIMAL DE DEWEY
Número de Classificação 843
Número do exemplar C211p
100 1# - ENTRADA PRINCIPAL--NOME PESSOAL
Nome pessoal Camus, Albert,
Datas associadas ao nome 1913-1960
9 (RLIN) 215
240 ## - TÍTULO UNIFORME
Título uniforme La peste
245 ## - TÍTULO
Título A peste /
Indicação de responsabilidade, etc. Camus, Albert ; Tradução de Valerie Rumjanek
260 ## - PUBLICAÇÃO, DISTRIBUIÇÃO, ETC.
Local de publicação, distribuição, etc. São Paulo
Nome do editor, distribuidor, etc. Abril
Data da publicação, distribuição, etc. 1984
300 ## - DESCRIÇÃO FÍSICA
Extensão 219 p.
490 1# - TÍTULO DA SÉRIE
Título da série Grandes Romancistas
520 ## - NOTA DE RESUMO, ETC.
Resumo, etc. Uma epidemia assola uma cidade, como a ocupação nazista assolará a França. A epidemia cessa - a ocupação termina - mas a apatia que cercava a vontade humana volta a imperar. Neste clássico do escritor existencialista francês Albert Camus, Prêmio Nobel de Literatura em 1957, uma cidade argelina tomada pela peste bubônica serve como metáfora dos horrores da Segunda Guerra Mundial.
650 #0 - ASSUNTO--TERMO TÓPICO
Cabeçalho tópico ou nome geográfico Literatura francesa
9 (RLIN) 122
650 #0 - ASSUNTO--TERMO TÓPICO
Cabeçalho tópico ou nome geográfico Filosofia
9 (RLIN) 4
650 #0 - ASSUNTO--TERMO TÓPICO
Cabeçalho tópico ou nome geográfico Prêmio Nobel
9 (RLIN) 191
650 #0 - ASSUNTO--TERMO TÓPICO
Cabeçalho tópico ou nome geográfico Existencialismo
9 (RLIN) 217
650 #0 - ASSUNTO--TERMO TÓPICO
Cabeçalho tópico ou nome geográfico Absurdismo
9 (RLIN) 661
650 #0 - ASSUNTO--TERMO TÓPICO
Cabeçalho tópico ou nome geográfico 2° Guerra Mundial
9 (RLIN) 56
650 #0 - ASSUNTO--TERMO TÓPICO
Cabeçalho tópico ou nome geográfico Drama
9 (RLIN) 18
650 #0 - ASSUNTO--TERMO TÓPICO
Cabeçalho tópico ou nome geográfico Clássicos
9 (RLIN) 77
655 #0 - TERMO DE ÍNDICE--GÊNERO E FORMA
Gênero/forma/ou termo foco Romance
655 #0 - TERMO DE ÍNDICE--GÊNERO E FORMA
Gênero/forma/ou termo foco Ficção
700 ## - ENTRADA ADICIONADA - NOME PESSOAL
Nome pessoal Valerie Rumjanek
Função do autor por extenso Tradutor
9 (RLIN) 216
830 ## - ENTRADA SECUNDÁRIA DE SÉRIE--TÍTULO UNIFORME
Título uniforme Grandes Romancistas
9 (RLIN) 126
942 ## - ELEMENTOS DE ENTRADA ADICIONADOS (KOHA)
Fonte de classificação ou esquema de arquivamento Classificação decimal de Dewey
Ocultar no OPAC Não
Tipo de material Koha Livros
Holdings
Situação do descarte Situação das perdas Fonte de classificação ou esquema de arquivamento Status danificado Não pode ser emprestado Coleção Biblioteca de origem Biblioteca atual Localização na estante Data de aquisição Fonte de aquisição Total de empréstimos Número de chamada completo Código de barras Data de último acesso Data do preço efetivo Tipo de material Koha
    Classificação decimal de Dewey     Ficção Biblioteca Professor Eduardo Afonso de Castro Biblioteca Professor Eduardo Afonso de Castro Literatura Estrangeira 29.03.2001 doação   843 / C211p 2025-11607 23.01.2025 23.01.2025 Livros

Powered by Koha